Đời sống trong thiền viện Nhật Bản

Zapisane w:
Opis bibliograficzny
1. autor: Suzuki, Daisetzteitaro
Format: Książka
Język:Undetermined
Wydane: Tp. Hồ Chí Minh Tổng hợp thành phố Hồ Chí Minh 2004
Hasła przedmiotowe:
Etykiety: Dodaj etykietę
Nie ma etykietki, Dołącz pierwszą etykiete!
Thư viện lưu trữ: Trung tâm Học liệu Trường Đại học Cần Thơ
LEADER 00640nam a2200193Ia 4500
001 CTU_92926
008 210402s9999 xx 000 0 und d
020 |c 15000 
082 |a 294.3927 
082 |b S968 
100 |a Suzuki, Daisetzteitaro 
245 0 |a Đời sống trong thiền viện Nhật Bản 
245 0 |c Daisetzteitaro Suzuki; Dương Ngọc Dũng, lê Minh Anh hiệu đính 
260 |a Tp. Hồ Chí Minh 
260 |b Tổng hợp thành phố Hồ Chí Minh 
260 |c 2004 
650 |a Zen buddhism 
904 |i Mai Loan 
980 |a Trung tâm Học liệu Trường Đại học Cần Thơ